| 000 | 01214nam a22003257a 4500 | ||
|---|---|---|---|
| 001 | 000464 | ||
| 003 | DO-SdBNP | ||
| 005 | 20231101135334.0 | ||
| 007 | 000464 | ||
| 008 | 160902b 2008 ck || 00| 0 spa d | ||
| 020 | _a9789587046953 | ||
| 040 |
_aBPMSU _bspa _cBPMSU |
||
| 082 |
_a306.85 _bV18c 2008 _222 |
||
| 100 | 1 | _aVallejo Valencia, Marianela | |
| 245 | 1 | 0 |
_aConstelaciones familiares : _bpara liberar la energía del amor y de la vida / _cMarianela Vallejo Valencia ; con la colaboración de Catalina Forero de Francisco. |
| 260 |
_aBogotá : _bAguilar, _c2008. |
||
| 300 |
_a272 p. : _bil. ; _c24 cm. |
||
| 500 | _aIncluye datos de la autora en la solapa de la cubierta. | ||
| 500 | _aIncluye referencias bibliográficas y notas al pie de las páginas | ||
| 500 | _aLa biblioteca posee la primera reimpresión, mayo de 2008 | ||
| 504 | _aBibliografía : p. 269-272 | ||
| 590 | _aInventariado. 2023/VM | ||
| 600 | 1 | 4 |
_aHellinger, Bert, _d1925- _xCrítica e interpretación. |
| 650 | 4 | _aFamilia. | |
| 650 | 4 | _aFelicidad. | |
| 650 | 4 | _aVida espiritual. | |
| 700 | 1 |
_aForero de Francisco, Catalina, _ecol. |
|
| 910 | _aVMateo V. / Validado. Control de calidad MFF | ||
| 942 |
_2ddc _cBK |
||
| 999 |
_c11288 _d11288 |
||